| 000 | 01289cam a22002054a 4500 | ||
|---|---|---|---|
| 005 | 20250605163955.0 | ||
| 008 | 250528s ||||||||||||||||||||||||d | ||
| 035 | _a15458 | ||
| 020 | _a198775326 | ||
| 040 |
_aGR-AtMCL _bgre _dGR-AtMCL _eAACR2 |
||
| 245 | 1 | _aRethinking Management Information Systems / An Interdisciplinary Perspective | |
| 260 |
_bOxford University Press, _c1999 |
||
| 300 | _a510 | ||
| 520 | _aThis book examines influential ideas within management information systems (MIS). List of Figures and Tables, Theoretical and Methodological Perspectives, Researching MIS, Systems Thinking, Structuration Theory, Information Systems and Strategic Management and Performance Evaluation, Strategy-Making in the Information Age, Accounting as a Representational Craft: Lessons for Research on Information Systems, Developing and Implementing Change Programs, Information Systems Development, Deciding the Future for IS Failures: Not the Choice You Might Think, A Historical Analysis of Implementing IS at J. Lyons, Organization and Management Issues, The Cultural Context of Information Management, The Management of Knowledge Workers, Index. | ||
| 700 | 1 |
_aCurrie Wendy _91360 |
|
| 700 | 1 |
_aGalliers Bob _91384 |
|
| 942 | _cBK | ||
| 999 |
_c1037 _d1037 |
||